000 00884nas a2200277 4500
001 BR2013008498
003 BR-BrBNA
005 20231205123205.0
007 ta
008 230509b bl.|||p| |||| 00| 00por d
040 _aBR-BrBNA
_bpor
_cBiblioteca Nacional de Agricultura
041 _a(En)
072 _aM12; M40
100 1 _aRodrigues, M.A.
100 1 _aHeberle, M.F.
100 1 _aD'Incao, F.
245 1 _aFecundity variation and abundance of female blue crabs Callinectes sapidus Rathbun, 1896 )Decapoda, Brachyra, Portunidae)in the Patos Lagoon estuary, RS, Brazil
650 _aSIRI
650 _aFÊMEA
650 _aFECUNDAÇÃO ANIMAL
650 _aESTUÁRIO
650 _aDESOVA
773 0 _tAtlântica (Brazil)
_xISSN 0102-1656
_g(Jul-Dec 2011), v. 33(2) p. 141-148
_wBR2013008498
909 _a202311
_bLúcia
_c55
_dLúcia Elande
942 _2AGRIS
_n0
_cANA
999 _c232611
_d232611